000 00410nam a22001577a 4500
003 BDDh-ASL
005 20231016062621.0
008 230507s1938 e ||||| |||| 00| 0 eng d
040 _cBDDh-ASL
082 _a922
_bJAM
245 0 0 _aBaba Tahir Uryan Hamdani.
260 _aLondon:
_c1938.
300 _c22 cm.
650 0 _abiographical dictionary - চরিতাভিধান
_94665
942 _2ddc
_cBK
999 _c32296
_d32296